000 00506nam a2200169Ia 4500
005 20250423095733.0
008 250422s9999 xx 000 0 und d
020 _a9780256166293
050 _aHG 173 .S523/
245 0 _aInstructor’s manual, test bank and transparency masters to accompany: financial markets, instruments, and institutions
260 _aBoston
260 _bIrwin McGraw-Hill
260 _c1997
300 _a146 p
650 _aFinance. Financial services industry
942 _cBK
999 _c31180
_d31180